[Event "Mechanics' Fall TNM; G/2"]
[Site "San Francisco"]
[Date "2016.10.25"]
[Round "2.5"]
[White "Viswanath Natraj, Ganesh"]
[Black "Riese, Kayven"]
[Result "1-0"]
[WhiteElo "2132"]
[BlackElo "1935"]
[Annotator "Donaldson"]
[PlyCount "87"]
[EventDate "2016.??.??"]

1. d4 e6 2. Nf3 f5 3. c4 Nf6 4. g3 c6 5. Bg2 d5 6. O-O Bd6 7. b3 Qe7 8. Bb2 O-O
9. Ne5 Bd7 10. Nd2 Be8 11. Ndf3 Nbd7 12. Nd3 Ne4 13. Nfe5 Ndf6 14. Qc1 h6 15.
f3 Ng5 16. h4 Ngh7 17. Nf4 Nh5 18. Nxh5 Bxh5 19. a4 f4 20. gxf4 Qxh4 21. e3
Bxe5 22. dxe5 Bg6 23. Qe1 Qh5 24. cxd5 exd5 25. Qg3 Bf5 26. Kf2 Rae8 27. Rh1
Qg6 28. Qxg6 Bxg6 29. Rag1 Re6 {Diagram [#]} 30. Rxh6 $5 (30. Ba3 Rf7 31. Bh3
Bf5 32. Bxf5 Rxf5 33. Rh4 {was also quite strong.}) 30... gxh6 31. Bh3 Re7 $4 (
31... Rfe8 32. f5 $2 (32. Ke2 {and then f5 gives White the advantage.}) 32...
Ng5 $1) 32. Rxg6+ Kf7 33. Rxh6 Kg7 34. Rh4 c5 35. f5 Rc7 36. f6+ Kg6 37. Rg4+
Kh6 38. Rh4+ Kg6 39. e4 dxe4 40. fxe4 Ng5 41. Bf5+ Kf7 42. Rg4 Rg8 43. e6+ Kf8
44. Ke3 1-0

[Event "Mechanics' Alan Benson TNM; G/2"]
[Site "San Francisco"]
[Date "2016.08.23"]
[Round "4.31"]
[White "Waharte, Louka"]
[Black "Andries, W Craig"]
[Result "1/2-1/2"]
[WhiteElo "1366"]
[BlackElo "1877"]
[PlyCount "80"]
[EventDate "2016.??.??"]

1. e4 d6 2. d4 Nf6 3. Nc3 g6 4. f4 Bg7 5. Nf3 O-O 6. Bd3 c6 7. O-O Bg4 8. h3
Bxf3 9. Qxf3 Qb6 10. Kh1 Qxd4 11. Be3 Qb4 12. Rab1 Nbd7 13. Qg3 Qa5 14. b4 Qc7
15. Ne2 e5 16. c4 Rae8 17. f5 b6 18. Qf3 d5 19. g4 dxe4 20. Bxe4 Nxe4 21. Qxe4
Kh8 22. g5 gxf5 23. Qxf5 f6 24. g6 Nb8 25. Rg1 hxg6 26. Qxg6 Qf7 27. Qg4 Qd7
28. Qh5+ Kg8 29. Bh6 Rf7 30. Rxg7+ Rxg7 31. Bxg7 Re7 32. Bxf6 Rh7 33. Qg5+ Kf8
34. Qg2 Rxh3+ 35. Kg1 Rh7 36. Rf1 Qe6 37. Bxe5+ Ke8 38. Bxb8 Rh6 39. Nf4 Qxc4
40. Re1+ Kf7 {White is completely winning but had almost no time left and drew
in a few moves.} 1/2-1/2

[Event "Mechanics' Alan Benson TNM; G/2"]
[Site "San Francisco"]
[Date "2016.08.09"]
[Round "2.33"]
[White "Waharte, Louka"]
[Black "Donnelly, Patrick"]
[Result "1-0"]
[WhiteElo "1366"]
[BlackElo "1641"]
[PlyCount "37"]
[EventDate "2016.??.??"]

1. e4 c5 2. Nf3 d6 3. d4 cxd4 4. Nxd4 Nf6 5. Nc3 a6 6. Bc4 e6 7. Bb3 Be7 8. O-O
O-O 9. Bg5 Nxe4 10. Bxe7 Nxc3 11. Bxd8 Nxd1 12. Bh4 Nxb2 13. Rab1 e5 14. Ne2
Nd3 15. cxd3 Bf5 16. Rbd1 Nc6 17. Ng3 Bg6 18. Ne4 Bxe4 19. dxe4 1-0

[Event "Mechanics' Alan Benson TNM; G/2"]
[Site "San Francisco"]
[Date "2016.09.27"]
[Round "9.29"]
[White "Waharte, Louka"]
[Black "MacIntyre, Brendan"]
[Result "0-1"]
[WhiteElo "1366"]
[BlackElo "1548"]
[Annotator "Donaldson"]
[PlyCount "76"]
[EventDate "2016.??.??"]

1. e4 c5 2. Nf3 Nc6 3. d4 cxd4 4. Nxd4 Nf6 5. Nc3 d6 6. Bc4 g6 $2 7. Bb3 (7.
Nxc6 bxc6 8. e5 $1 dxe5 $4 (8... Ng4 9. e6) (8... Nd7 9. exd6 exd6 10. O-O) 9.
Bxf7+) 7... Bg7 8. Be3 O-O 9. f3 Bd7 10. Qd2 Rc8 11. O-O-O Na5 12. h4 (12. Kb1
Nxb3 13. cxb3) 12... Nxb3+ 13. Nxb3 a5 14. a3 b5 15. Nd5 Nxd5 16. Qxd5 b4 (
16... Be6 17. Qd3 Bc4 $19) 17. Bd4 Be6 18. Qxa5 Bxb3 19. Qxb4 Bh6+ 20. Kb1
Bxc2+ 21. Ka2 Bxd1 22. Rxd1 Qc7 23. Ka1 Qc2 24. Rg1 Rb8 25. Qe1 Rb7 26. e5 Bg7
27. f4 dxe5 28. fxe5 Rd8 29. Qa5 Rbd7 30. Bc3 Rd1+ 31. Rxd1 Qxd1+ 32. Ka2 Qd5+
33. Qxd5 Rxd5 34. a4 Bxe5 35. Bb4 Bd6 36. Bc3 e5 37. b4 e4 38. Kb3 e3 0-1

[Event "Mechanics' Summer TNM; G/2"]
[Site "San Francisco"]
[Date "2016.07.12"]
[Round "8.9"]
[White "Walder, Michael"]
[Black "Harmon, Frederick"]
[Result "1-0"]
[WhiteElo "2128"]
[BlackElo "1766"]
[Annotator "Donaldson"]
[PlyCount "67"]
[EventDate "2016.??.??"]

1. d4 d5 2. c4 c6 3. Nf3 Bf5 4. Nc3 Nf6 5. Qb3 (5. cxd5 $1 cxd5 6. Qb3 Qb6 7.
Nxd5 Qxb3 8. Nxf6+ exf6 9. axb3) 5... Qb6 6. c5 (6. cxd5 Nxd5 (6... Qxb3 7.
axb3 cxd5 8. Nb5 $16) 7. e4 Qxb3 8. axb3 Nxc3 9. exf5 Nd5 $14) 6... Qxb3 (6...
Qc7 7. Bf4 $1 Qc8 8. e3 $14) 7. axb3 Na6 8. Bf4 (8. e4 $1 Nb4 9. Ra4 dxe4 10.
Nh4 Nc2+ 11. Kd1 $16) 8... Nb4 9. Ra4 a5 10. Bc7 Ng4 $2 (10... e6 11. Rxa5 Nc2+
12. Kd2 Rxa5 13. Bxa5 Ng4 14. Nd1 Na1 15. b4 Nf6 16. Nc3 (16. e3 Ne4+ 17. Ke1
Be7 18. Nd2 $14) 16... Ng4) 11. e3 Bd3 12. h3 Bxf1 13. Rxf1 Nf6 14. Rxa5 $18
Rxa5 15. Bxa5 Na6 16. Ke2 Nd7 17. Ra1 e5 18. b4 e4 19. Nd2 Nab8 20. b5 Be7 21.
Bc7 Bd8 22. Bxb8 Nxb8 23. Ra8 Nd7 24. bxc6 bxc6 25. Rc8 O-O 26. Rxc6 Nf6 27. b4
Re8 28. Rc8 Kf8 29. Nb3 Ke7 30. Ra8 Ke6 31. b5 Bc7 32. Ra6+ Kd7 33. Ra7 Kc8 34.
b6 1-0

[Event "Mechanics' Summer TNM; G/2"]
[Site "San Francisco"]
[Date "2016.06.28"]
[Round "6.12"]
[White "Walder, Michael S"]
[Black "Andries, W Craig"]
[Result "0-1"]
[WhiteElo "2128"]
[BlackElo "1862"]
[PlyCount "74"]
[EventDate "2016.??.??"]

1. c4 Nf6 2. g3 g6 3. Bg2 Bg7 4. Nf3 O-O 5. O-O d6 6. d4 Nc6 7. Nc3 e5 8. d5
Na5 9. Nd2 c5 10. Qc2 Bf5 11. e4 Bd7 12. a3 b6 13. b4 Nb7 14. Nb3 cxb4 15. axb4
Qc7 16. c5 dxc5 17. bxc5 Nxc5 18. Nxc5 Qxc5 19. Ba3 Qc7 20. Bxf8 Bxf8 21. Qb3
Bc5 22. Nb5 Qb8 23. Rfc1 a5 24. Bf1 Nxe4 25. Bg2 Bxf2+ 26. Kh1 Nc5 27. Qf3 Bxb5
28. Qxf2 Qd6 29. Rab1 Bd3 30. Rb2 a4 31. Qe3 e4 32. Qd4 a3 33. Rb4 a2 34. Qb2
b5 35. Rd4 Bb1 36. Rxb1 axb1=Q+ 37. Qxb1 Qf6 0-1

[Event "Mechanics' Fall TNM; G/2"]
[Site "San Francisco"]
[Date "2016.11.01"]
[Round "3.17"]
[White "Walder, Michael S"]
[Black "Arai, Gordon S"]
[Result "1-0"]
[WhiteElo "2084"]
[BlackElo "1737"]
[PlyCount "69"]
[EventDate "2016.??.??"]

1. c4 e5 2. g3 Nf6 3. Bg2 Bc5 4. Nc3 c6 5. e3 O-O 6. Nge2 d5 7. cxd5 cxd5 8. d4
exd4 9. Nxd4 Bxd4 10. Qxd4 Nc6 11. Qh4 Ne5 12. Qd4 Nc6 13. Qa4 a6 14. O-O Be6
15. Rd1 b5 16. Qf4 b4 17. Ne2 Qb8 18. Qxb8 Raxb8 19. b3 Rfd8 20. Bb2 Ng4 21.
Rac1 Rbc8 22. Nf4 Ne7 23. Rxc8 Rxc8 24. Rd2 Nf6 25. Bxf6 gxf6 26. Bxd5 Rd8 27.
e4 Bxd5 28. Nxd5 Nxd5 29. Rxd5 Rxd5 30. exd5 Kf8 31. Kg2 Ke7 32. Kf3 Kd6 33.
Ke4 f5+ 34. Kd4 f4 35. gxf4 1-0

[Event "Mechanics' Spring TNM; G/2"]
[Site "San Francisco"]
[Date "2016.04.05"]
[Round "4.9"]
[White "Walder, Michael S"]
[Black "Askin, David Benja"]
[Result "1-0"]
[WhiteElo "2109"]
[BlackElo "1918"]
[PlyCount "70"]
[EventDate "2016.??.??"]

1. d4 Nf6 2. c4 g6 3. g3 d5 4. cxd5 Nxd5 5. Bg2 Bg7 6. Nf3 O-O 7. e4 Nb6 8. h3
Nc6 9. d5 Ne5 10. Nc3 c6 11. O-O cxd5 12. exd5 Nbc4 13. Nd2 h5 14. Nxc4 Nxc4
15. Qb3 Nd6 16. Bg5 Bf5 17. Rfe1 Re8 18. Rad1 Qd7 19. Kh2 Rac8 20. Bf1 a6 21.
f3 f6 22. Be3 g5 23. Bd4 Bg6 24. Ne4 Bxe4 25. fxe4 Qc7 26. Rd2 h4 27. Bf2 Kh8
28. Qd1 Nf7 29. Be2 Ne5 30. Bg4 Nxg4+ 31. Qxg4 hxg3+ 32. Bxg3 Qa5 33. Rde2 Qxa2
34. Qe6 Qb3 35. h4 Rc2 {
In this tense position, with both flags hanging, both sides quit keeping score.
} 1-0

[Event "Mechanics' Alan Benson TNM; G/2"]
[Site "San Francisco"]
[Date "2016.09.13"]
[Round "7.10"]
[White "Walder, Michael S"]
[Black "Askin, David Benja"]
[Result "1-0"]
[WhiteElo "2090"]
[BlackElo "1958"]
[Annotator "Winslow,Elliott"]
[PlyCount "47"]
[EventDate "2016.??.??"]

1. e4 c6 2. d4 d5 3. Nc3 dxe4 4. Nxe4 Bf5 5. Ng3 Bg6 6. h4 h6 7. Nf3 Nd7 8. h5
Bh7 9. Bd3 Bxd3 10. Qxd3 e6 11. Bd2 Ngf6 12. O-O-O Be7 13. Kb1 O-O 14. Ne4 Nxe4
15. Qxe4 Nf6 16. Qe2 Qd5 17. Be3 {The idea of this (pushed by Negi in one of
his amazing Grandmaster Repertoire books on 1.e4) is to avoid a queen exchange
-- which is just what happens!} Ng4 18. Bc1 {Diagram [#]} b5 $6 {
Black mixes systems.} 19. Ne5 Nxe5 20. dxe5 Qc4 21. Qxc4 bxc4 22. Rd7 Rfe8 23.
Rhd1 Rad8 $4 24. Rxe7 1-0

[Event "Mechanics' Summer TNM; G/2"]
[Site "San Francisco"]
[Date "2016.06.07"]
[Round "3.5"]
[White "Walder, Michael S"]
[Black "Ayinala, Shree"]
[Result "1-0"]
[WhiteElo "2128"]
[BlackElo "1758"]
[Annotator "Donaldson"]
[PlyCount "109"]
[EventDate "2016.??.??"]

1. d4 Nf6 2. c4 g6 3. Nc3 Bg7 4. e4 d6 5. Be2 O-O 6. Nf3 e5 7. O-O Nc6 8. d5
Ne7 9. b4 a6 10. c5 Ne8 11. Qb3 Kh8 12. Rd1 f5 13. Ng5 f4 14. Ne6 Bxe6 15. dxe6
Nc6 16. cxd6 cxd6 17. Nd5 Nf6 18. Nxf6 Rxf6 19. Bb2 Qe7 20. Bc4 Nd8 21. Qd3
Nxe6 22. Qxd6 Qxd6 23. Rxd6 Nd4 24. Rd7 Rb6 25. a3 a5 26. b5 Nxb5 27. Rxg7 Kxg7
28. Bxe5+ Kf8 29. Rb1 Rc8 30. Bf1 (30. Bxb5 Rxb5) 30... Rcc6 31. Rxb5 Rxb5 32.
Bxb5 Re6 33. Bxf4 Rxe4 34. Be3 Ke7 35. g3 Kd6 36. Kg2 h5 37. h4 Kd5 38. Kf3 Re7
39. Bb6 Re6 40. Bxa5 Kc5 41. Bd3 Kd4 42. Bf1 Rf6+ 43. Ke2 Rf5 44. Bb6+ Kc3 45.
a4 g5 46. hxg5 Rxg5 47. a5 Rg4 48. Bg2 Rg7 49. Ke3 Kc4 50. Bf3 Rh7 51. Be4 Re7
52. f4 Re8 53. f5 Rf8 54. Kf4 Re8 55. Bxb7 1-0

[Event "Mechanics' Winter TNM; G/2"]
[Site "San Francisco"]
[Date "2016.01.05"]
[Round "1.9"]
[White "Walder, Michael S"]
[Black "Bhattacharjee, Shi"]
[Result "1-0"]
[WhiteElo "2123"]
[BlackElo "1614"]
[PlyCount "69"]
[EventDate "2016.??.??"]

1. c4 e5 2. g3 Nc6 3. Nc3 Nf6 4. Bg2 d6 5. e3 Be6 6. Nd5 e4 7. Nxf6+ Qxf6 8.
Bxe4 Bxc4 9. Qc2 d5 10. a3 Ne5 11. d4 Ng4 12. Bf3 Qe6 13. b3 Ba6 14. Qxc7 Rc8
15. Qa5 Nf6 16. Be2 Bxe2 17. Nxe2 Qe4 18. Qb5+ Kd8 19. O-O Qc2 20. Nf4 Qc6 21.
Qa5+ b6 22. Qxa7 Be7 23. Qa6 Ra8 24. Qd3 g5 25. Ne2 h5 26. Bd2 h4 27. f3 Qd6
28. Bb4 Qe6 29. g4 Nxg4 30. fxg4 Qxg4+ 31. Kf2 Bxb4 32. axb4 Rxa1 33. Rxa1 Rh6
34. Qc2 Rf6+ 35. Ke1 1-0

[Event "Mechanics' Winter TNM; G/2"]
[Site "San Francisco"]
[Date "2016.02.16"]
[Round "7.7"]
[White "Walder, Michael S"]
[Black "Boldi, Ethan Vaugh"]
[Result "1-0"]
[WhiteElo "2123"]
[BlackElo "1528"]
[PlyCount "61"]
[EventDate "2016.??.??"]

1. c4 e5 2. g3 Nc6 3. Nc3 f5 4. Nf3 Nf6 5. d4 e4 6. Nh4 d5 7. Bg5 Bb4 8. cxd5
Qxd5 9. Bxf6 gxf6 10. e3 Qf7 11. Be2 h5 12. Ng2 Bd6 13. h4 Bd7 14. Nb5 Bb4+ 15.
Kf1 Be6 16. Nf4 O-O-O 17. Qa4 a6 18. Nc3 Bc4 19. d5 Bxe2+ 20. Ncxe2 Rxd5 21.
Nxd5 Qxd5 22. Rd1 Qf7 23. Rc1 Bd6 24. Rxc6 bxc6 25. Qxc6 Qxa2 26. Qa8+ Kd7 27.
Qxh8 Qxb2 28. Qxh5 Qe5 29. Nd4 c5 30. Qxf5+ Qxf5 31. Nxf5 1-0

[Event "Mechanics' Summer TNM; G/2"]
[Site "San Francisco"]
[Date "2016.05.24"]
[Round "1.9"]
[White "Walder, Michael S"]
[Black "Brown, Nicholas M"]
[Result "1-0"]
[WhiteElo "2128"]
[BlackElo "1479"]
[PlyCount "69"]
[EventDate "2016.??.??"]

1. c4 c6 2. d4 d5 3. Nf3 Nf6 4. e3 Bg4 5. Qb3 Qc7 6. Ne5 Nbd7 7. Nxg4 Nxg4 8.
cxd5 cxd5 9. Nc3 e6 10. Bd2 Be7 11. Rc1 O-O 12. Nxd5 Qd8 13. Nxe7+ Qxe7 14. Be2
Qh4 15. Bxg4 Qxg4 16. Qxb7 Nf6 17. Qf3 Qg6 18. O-O Rab8 19. b3 Rb5 20. Rc5 Rxc5
21. dxc5 Qc2 22. Qd1 Qxc5 23. Bc1 Rc8 24. Bb2 Qf5 25. Qd4 h6 26. Qxa7 Ne4 27.
f3 Ng5 28. e4 Qg6 29. Be5 Rc2 30. Bg3 f5 31. exf5 exf5 32. Kh1 Ne6 33. b4 f4
34. Bf2 Rxf2 35. Qxf2 1-0

[Event "Mechanics' Alan Benson TNM; G/2"]
[Site "San Francisco"]
[Date "2016.08.30"]
[Round "5.20"]
[White "Walder, Michael S"]
[Black "Furukawa, Jon"]
[Result "1-0"]
[WhiteElo "2090"]
[BlackElo "1611"]
[PlyCount "67"]
[EventDate "2016.??.??"]

1. c4 Nf6 2. g3 g6 3. Bg2 Bg7 4. Nf3 O-O 5. O-O e6 6. d4 d5 7. Nc3 Nc6 8. cxd5
exd5 9. Bg5 h6 10. Bf4 Nh5 11. Be3 Be6 12. Rc1 Ne7 13. Ne5 c5 14. g4 Nf6 15. h3
Nd7 16. Nxd7 Qxd7 17. Qd2 cxd4 18. Bxd4 Nc6 19. Bxg7 Kxg7 20. Nxd5 Rad8 21. e4
Bxd5 22. exd5 Ne7 23. Rfd1 Qd6 24. Qc3+ f6 25. Qc7 Rf7 26. Qxb7 Rd7 27. Qb3 Rf8
28. Rd2 Rb8 29. Qg3 Qb4 30. Rc3 Rc8 31. a3 Qb6 32. Qe3 Rxc3 33. Qxc3 Nc8 34.
Qxc8 1-0

[Event "Mechanics' Fall TNM; G/2"]
[Site "San Francisco"]
[Date "2016.11.22"]
[Round "6.18"]
[White "Walder, Michael S"]
[Black "Lin, Aung Tun"]
[Result "1-0"]
[WhiteElo "2084"]
[BlackElo "1681"]
[Annotator "Donaldson"]
[PlyCount "67"]
[EventDate "2016.??.??"]

1. d4 f5 2. g3 Nf6 3. Bg2 e6 4. Nf3 Be7 5. c4 O-O 6. O-O d6 7. Nc3 Nbd7 8. b3
Qe8 9. Re1 Qg6 10. e4 fxe4 11. Nxe4 Nxe4 12. Rxe4 Nf6 (12... Qxe4 13. Nh4) 13.
Re1 Ng4 14. h3 Nh6 15. Bb2 Bf6 16. Nd2 Bd7 17. Bxb7 Rae8 18. Be4 Qf7 19. Qc2 g6
20. Re2 Nf5 21. Nf3 d5 22. Bd3 Qg7 23. Ne5 Bxe5 24. Rxe5 Bc6 25. Rae1 Rf6 26.
cxd5 Bb7 27. dxe6 Qh6 28. Bf1 Qg7 29. d5 Qe7 30. Bd3 Ref8 31. Bc4 Qc5 32. e7
Nxe7 33. d6+ Nd5 34. Bxd5+ 1-0

[Event "Mechanics' Spring TNM; G/2"]
[Site "San Francisco"]
[Date "2016.03.22"]
[Round "2.21"]
[White "Walder, Michael S"]
[Black "MacIntyre, Brendan"]
[Result "1-0"]
[WhiteElo "2109"]
[BlackElo "1500"]
[Annotator "Donaldson"]
[PlyCount "55"]
[EventDate "2016.??.??"]

1. c4 c5 2. g3 g6 3. Bg2 Bg7 4. Nc3 Nf6 5. Nf3 d6 6. d4 cxd4 7. Nxd4 Nbd7 8.
O-O O-O 9. b3 Rb8 10. h3 Qb6 11. Be3 Nc5 12. Qd2 Bd7 13. Rab1 Qd8 14. b4 Ne6
15. Rfc1 a6 16. Nd5 b5 17. Nxf6+ Bxf6 18. Nc6 Bxc6 19. Bxc6 bxc4 20. Rxc4 a5
21. b5 h5 22. Ra4 Qc7 23. Rc1 Rfc8 24. Rxa5 Bd4 25. Ra6 Bxe3 26. Qxe3 Rxb5 $1
27. Ra7 Qb8 $2 (27... Qb6 28. Bxb5 Rxc1+ 29. Qxc1 Qxa7 30. a4 $14) 28. Ra8 ({
Resignation is premature. After} 28. Ra8 Qxa8 29. Bxa8 Rxa8 {Black puts his R
on b5 to a5 with a very solid setup. White is better but has no clear plan how
to increase his advantage.}) 1-0

[Event "Mechanics' Winter TNM; G/2"]
[Site "San Francisco"]
[Date "2016.02.02"]
[Round "5.8"]
[White "Walder, Michael S"]
[Black "Melville, Cailen"]
[Result "1/2-1/2"]
[WhiteElo "2123"]
[BlackElo "1861"]
[PlyCount "78"]
[EventDate "2016.??.??"]

1. c4 b6 2. Nc3 e6 3. e4 Bb7 4. Nge2 Qh4 5. g3 Qh5 6. Bg2 f5 7. O-O fxe4 8. d3
Nc6 9. dxe4 O-O-O 10. Nd4 Qc5 11. Nxc6 dxc6 12. Qe2 Kb8 13. Be3 Qe7 14. e5 Nh6
15. Ne4 Nf7 16. f4 g6 17. c5 Bg7 18. b4 Qd7 19. Rfd1 Qc8 20. a4 Rxd1+ 21. Rxd1
Rd8 22. Nc3 Rxd1+ 23. Qxd1 Qd8 24. Qxd8+ Nxd8 25. h4 Kc8 26. Be4 Nf7 27. h5
Nxe5 28. fxe5 Bxe5 29. Ne2 Ba6 30. Kf2 Bxe2 31. Kxe2 Bxg3 32. h6 Kd7 33. Bd4
Bf4 34. Bg7 Bc1 35. Bxg6 {Diagram [#]} Bxh6 36. Bxh6 hxg6 37. Bf4 a6 38. Kf3 a5
39. b5 bxc5 1/2-1/2

[Event "Mechanics' Winter TNM; G/2"]
[Site "San Francisco"]
[Date "2016.01.19"]
[Round "3.4"]
[White "Walder, Michael S"]
[Black "Nelson, Christopher"]
[Result "1-0"]
[WhiteElo "2123"]
[BlackElo "1732"]
[PlyCount "83"]
[EventDate "2016.??.??"]

1. c4 f5 2. g3 Nf6 3. Bg2 e6 4. Nf3 Be7 5. O-O O-O 6. Nc3 d5 7. d3 c6 8. e4
fxe4 9. dxe4 Nxe4 10. Nxe4 dxe4 11. Qxd8 Rxd8 12. Ng5 e5 13. Nxe4 Be6 14. b3 h6
15. Bb2 Nd7 16. Rad1 Rf8 17. Nd6 Bxd6 18. Rxd6 Rae8 19. Re1 Bf5 20. h3 Nc5 21.
Rxe5 Rxe5 22. Bxe5 Nd3 23. Bd4 Re8 24. g4 Re1+ 25. Kh2 Bh7 26. Rd7 Kf8 27. Rxb7
Nf4 28. Bxg7+ Kg8 29. Bxc6 Re2 30. Bd4 Be4 31. Bxe4 Rxe4 32. Be3 Ng6 33. Bxh6
Ne5 34. Rxa7 Nf7 35. Be3 Kg7 36. a4 Re6 37. a5 Kg6 38. Rb7 Ne5 39. Rb6 Nf3+ 40.
Kg3 Rxb6 41. axb6 Ne5 42. b7 1-0

[Event "Mechanics' Fall TNM; G/2"]
[Site "San Francisco"]
[Date "2016.11.15"]
[Round "5.16"]
[White "Walder, Michael S"]
[Black "Sadowsky, Jacob An"]
[Result "1/2-1/2"]
[WhiteElo "2084"]
[BlackElo "1697"]
[Annotator "Donaldson"]
[PlyCount "89"]
[EventDate "2016.??.??"]

1. c4 Nf6 2. g3 g6 3. Bg2 Bg7 4. Nc3 O-O 5. e3 e5 6. Nge2 Re8 7. d3 Nc6 8. O-O
d6 9. Rb1 Be6 10. Nd5 Rb8 11. b4 Qd7 12. b5 Ne7 13. Nxe7+ Rxe7 14. Qa4 a6 15.
Nc3 Ree8 16. bxa6 Qxa4 17. Nxa4 bxa6 18. Ba3 e4 19. c5 Bxa2 20. Rxb8 Rxb8 21.
Nc3 Rb3 22. Bb4 dxc5 23. Nxa2 cxb4 24. dxe4 a5 25. h3 Ra3 26. Nc1 Nd7 27. Rd1
Ra1 28. Bf3 Bb2 29. Nd3 Rxd1+ 30. Bxd1 Bc3 31. Kf1 Nb6 32. Nc5 Be5 33. Ke2 Kf8
34. Kd3 Ke7 35. f4 Bg7 36. e5 Nd5 37. Na4 Kd7 38. Bb3 Nb6 39. Nxb6+ cxb6 40.
Bxf7 b5 41. h4 a4 42. g4 Bf8 43. g5 Bc5 {Diagram #} 44. h5 {An understandible
move considering White's position not so long ago was totally lost, but the
tide has turned and here he could win as Black's passed pawns are easily
blockaded while White's runners can't be stopped. For example:} (44. e4 $1 Ke7
45. Bd5 b3 46. f5 b2 47. f6+ Ke8 48. Kc2 a3 49. e6 Bd6 50. Bc6+ Kf8 51. e5 Bc5
52. Bxb5 Bb4 53. e7+ Bxe7 54. fxe7+ Kxe7 55. Bc4) 44... b3 45. h6 (45. hxg6
hxg6 46. Bxg6 $4 a3 47. Kc3 a2 48. Kb2 Bxe3 {winning.}) 1/2-1/2

[Event "Mechanics' Spring TNM; G/2"]
[Site "San Francisco"]
[Date "2016.04.19"]
[Round "6.2"]
[White "Walder, Michael S"]
[Black "Stearman, Josiah P"]
[Result "0-1"]
[WhiteElo "2109"]
[BlackElo "2196"]
[Annotator "Winslow"]
[PlyCount "64"]
[EventDate "2016.??.??"]

1. e4 c5 2. Nf3 Nc6 3. d4 cxd4 4. Nxd4 g6 5. Nc3 Bg7 6. Be3 Nf6 7. Bc4 O-O 8.
Bb3 d6 9. f3 Bd7 10. h4 h5 11. Qd2 Rc8 12. Nxc6 (12. O-O-O Ne5) 12... bxc6 13.
g4 Be6 $146 ({Predecessor:} 13... hxg4 14. O-O-O Qa5 15. h5 gxh5 16. Bh6 Kh7
17. Bxg7 Kxg7 18. e5 Qxe5 19. Rde1 Qa5 20. Rxe7 Rce8 21. Bd5 Kg6 22. Rxd7 Nxd7
23. fxg4 cxd5 24. Rxh5 f6 25. Qh6+ Kf7 26. Qh7+ Ke6 27. Qf5+ Ke7 28. Rh7+ Rf7
29. Qxd5 Qxd5 30. Nxd5+ Ke6 31. Nc7+ Ke7 {
1/2-1/2 (31) Sikorsky,H (2366) -Joppich,U (2453) ICCF email 2010}) 14. Bxe6 ({
It's hard to go wrong playing} 14. gxh5) (14. g5 Nd7 15. f4) 14... fxe6 (14...
hxg4) 15. Bh6 Qb6 16. O-O-O Rb8 17. b3 Qa5 18. Kb2 hxg4 19. h5 Nxh5 20. fxg4
Nf4 (20... Rf2 21. Qe3 Re2 22. Qd3 Qxc3+ 23. Qxc3 Bxc3+ 24. Kxc3 Nf6) 21. Bxg7
Kxg7 22. Qh2 e5 23. Qh6+ (23. Qh7+ $11) 23... Kf7 24. Rdf1 Ke6 25. Ne2 Kd7 26.
Nxf4 exf4 27. Qxg6 Qe5+ 28. Kb1 a5 29. Rh5 Qc3 30. Rf5 $4 (30. e5) 30... a4 31.
Rg5 axb3 32. axb3 Ra8 0-1

[Event "Mechanics' Alan Benson TNM; G/2"]
[Site "San Francisco"]
[Date "2016.08.16"]
[Round "3.1"]
[White "Walder, Michael S"]
[Black "Stearman, Josiah P"]
[Result "0-1"]
[WhiteElo "2090"]
[BlackElo "2315"]
[PlyCount "112"]
[EventDate "2016.??.??"]

1. d4 f5 2. Nf3 Nf6 3. g3 g6 4. Bg2 Bg7 5. O-O O-O 6. b3 d6 7. Bb2 c6 8. c4 Qc7
9. Nbd2 h6 10. Qc2 g5 11. e4 fxe4 12. Nxe4 Nxe4 13. Qxe4 Bf5 14. Qe3 Nd7 15.
Rad1 Rae8 16. Rfe1 Qa5 17. Qc3 Qxc3 18. Bxc3 Nc5 19. Ba1 Nd3 20. Re2 Bg6 21.
Ne1 Bh5 22. f3 Nxe1 23. Rdxe1 Bxf3 24. Rxe7 Rxe7 25. Rxe7 Bxg2 26. Kxg2 c5 27.
Rd7 Re8 28. Kf2 cxd4 29. Rxd6 Re4 30. Rd8+ Kf7 31. Rd7+ Kg6 32. Rxb7 Bf8 33.
Rxa7 d3 34. Rd7 Bc5+ 35. Kf1 Bb4 36. a3 Re1+ 37. Kf2 d2 38. axb4 d1=Q 39. Rxd1
Rxd1 40. Bc3 Rd3 41. Be1 Rxb3 42. h4 g4 43. b5 Kf5 44. Ke2 Ke4 45. Bf2 Rb2+ 46.
Kf1 Kf3 47. Be1 h5 48. Kg1 Rb1 49. Kf1 Rb3 50. Kg1 Re3 51. Kf1 Rb3 52. Kg1 Ke2
53. Bf2 Rf3 54. Ba7 Rxg3+ 55. Kh2 Rb3 56. b6 Kf1 0-1

[Event "Mechanics' Fall TNM; G/2"]
[Site "San Francisco"]
[Date "2016.12.13"]
[Round "9.5"]
[White "Walder, Michael S"]
[Black "Uzzaman, Ashik"]
[Result "1-0"]
[WhiteElo "2084"]
[BlackElo "1979"]
[Annotator "Donaldson"]
[PlyCount "99"]
[EventDate "2016.??.??"]

1. c4 e6 2. g3 f5 3. Bg2 Nf6 4. Nf3 Be7 5. O-O O-O 6. d4 d6 7. b3 Ne4 8. Bb2
Bf6 9. Qc2 Nc6 10. Nbd2 d5 11. Rfd1 Qe8 12. Ne5 Bxe5 13. dxe5 Nb4 14. Qb1 c6
15. a3 Na6 16. Qc2 Nac5 17. Nf3 a5 18. b4 axb4 19. axb4 Rxa1 20. Rxa1 Nd7 21.
Ba3 Nb6 22. b5 Rf7 23. Nd4 Nxc4 24. bxc6 bxc6 25. f3 Ra7 $2 (25... Ned2) 26.
fxe4 Rxa3 27. Rxa3 Nxa3 28. Qxc6 (28. Qc5 Nc4 29. Nxc6) 28... Qxc6 29. Nxc6 {
Diagram [#]} Bd7 (29... Bb7 $1 30. exd5 Nc4 31. d6 Bxc6 32. Bxc6 Kf7) 30. exd5
Bxc6 31. dxc6 Nb5 32. e4 Kf7 33. Kf2 g5 34. exf5 exf5 35. Bd5+ Ke7 36. Ke3 Kd8
37. Be6 Na7 38. Bd7 h6 39. Kd4 Ke7 40. Kc5 f4 41. gxf4 gxf4 42. Kb6 Nxc6 43.
Kxc6 f3 44. Bh3 f2 45. Kd5 h5 46. Bf1 h4 47. Bh3 Ke8 48. Kd6 Kd8 49. e6 Ke8 50.
e7 1-0

[Event "Mechanics' Alan Benson TNM; G/2"]
[Site "San Francisco"]
[Date "2016.09.27"]
[Round "9.9"]
[White "Walder, Michael S"]
[Black "Walters, Kevin"]
[Result "1-0"]
[WhiteElo "2090"]
[BlackElo "1897"]
[PlyCount "93"]
[EventDate "2016.??.??"]

1. c4 f5 2. g3 Nf6 3. Nc3 g6 4. Bg2 e5 5. d4 exd4 6. Qxd4 Nc6 7. Bxc6 dxc6 8.
Qxd8+ Kxd8 9. Bg5 Be7 10. O-O-O+ Ke8 11. h4 Be6 12. b3 Kf7 13. Nh3 Rad8 14. Bf4
Bd6 15. Ng5+ Ke7 16. Nxe6 Kxe6 17. Bg5 Bb4 18. Bxf6 Kxf6 19. Kc2 Rhe8 20. e3
Rd6 21. Rd3 Red8 22. Rhd1 Rxd3 23. Rxd3 Rxd3 24. Kxd3 Ke5 25. f3 h5 26. Ne2 Be1
27. f4+ Ke6 28. e4 fxe4+ 29. Kxe4 Kf6 30. Kf3 a6 31. Nd4 Bb4 32. Nc2 Bc5 33.
Ne3 Bxe3 34. Kxe3 Kf5 35. Kf3 c5 36. Kf2 Ke4 37. Ke2 a5 38. a4 c6 39. Kf2 Kd4
40. Kf3 Kc3 41. g4 Kd4 42. f5 gxf5 43. gxh5 Ke5 44. h6 Kf6 45. h5 Kf7 46. Kf4
Kg8 47. Kxf5 1-0